God's hand in our lives (Record no. 8911)
[ view plain ]
| 000 -LEADER | |
|---|---|
| fixed length control field | 00453nam a22001697a 4500 |
| 003 - CONTROL NUMBER IDENTIFIER | |
| control field | OSt |
| 005 - DATE AND TIME OF LATEST TRANSACTION | |
| control field | 20140310182048.0 |
| 008 - FIXED-LENGTH DATA ELEMENTS--GENERAL INFORMATION | |
| fixed length control field | 130817t xxu||||| |||| 00| 0 eng d |
| 050 ## - LIBRARY OF CONGRESS CALL NUMBER | |
| Classification number | BT 96.2 |
| Item number | .G589 1995 |
| 082 ## - DEWEY DECIMAL CLASSIFICATION NUMBER | |
| Classification number | HS 248 |
| Item number | .G549 1995 |
| 245 ## - TITLE STATEMENT | |
| Title | God's hand in our lives |
| 260 ## - PUBLICATION, DISTRIBUTION, ETC. (IMPRINT) | |
| Place of publication, distribution, etc | Cubao Q.C : |
| Name of publisher, distributor, etc | Shepherd's Voice, |
| Date of publication, distribution, etc | c1995. |
| 300 9# - PHYSICAL DESCRIPTION | |
| Extent | 225 p., |
| Dimensions | 22 cm. |
| 541 ## - IMMEDIATE SOURCE OF ACQUISITION NOTE | |
| -- | 1 |
| 650 ## - SUBJECT ADDED ENTRY--TOPICAL TERM | |
| Topical term or geographic name as entry element | Religions experiences |
| 9 (RLIN) | 11177 |
| 942 ## - ADDED ENTRY ELEMENTS (KOHA) | |
| Source of classification or shelving scheme | Library of Congress Classification |
| Koha item type | |
| Withdrawn status | Lost status | Source of classification or shelving scheme | Damaged status | Home library | Current library | Shelving location | Date acquired | Total Checkouts | Full call number | Barcode | Date last seen | Copy number | Price effective from | Koha item type |
|---|---|---|---|---|---|---|---|---|---|---|---|---|---|---|
| Library of Congress Classification | Luxembourg Library | Luxembourg Library | High School Section | 08/17/2013 | BT 96.2 .G589 1995 | 2222 | 08/17/2013 | 1 | 08/17/2013 | Books |